000 00294nam a2200109 4500
999 _c10912
_d10912
008 180927b ||||| |||| 00| 0 eng d
245 _aCity library to be a tech4ed center.
260 _aDavao City
_bSun Star Davao
_cc2017
300 _apage 2.
650 0 _931724
_aLibraries.
942 _2ddc
_cPER